000 00993nam a22002297a 4500
005 20250728151701.0
008 250728b |||||||| |||| 00| 0 eng d
037 _cTB
040 _aCRL
_cCRL
041 _2hin
_ahin
_hsan
084 _aQ1 152Q7.1
_qCRL
100 _aश्याममनोहर, गोस्वामी
_9816663
245 _aवेदस्तुति की भूमिका
260 _aमुंबई, भारत:
_bगोस्वामी श्याममनोहर,
_c2017.
300 _aभाग 1 (1-219पृ.)
440 _vभाग 1
650 _aवैदिक
_9816664
650 _aहिन्दू धर्म
_9816665
650 _aधर्म
_9816666
942 _2CC
_cTB
_hQ1 152Q7.1
_n0
999 _c1434334
_d1434334